Normal view
MARC view
- Technology.
Entry Topical Term
001 - CONTROL NUMBER
- control field: 13974
003 - CONTROL NUMBER IDENTIFIER
- control field: NUST
005 - DATE AND TIME OF LATEST TRANSACTION
- control field: 20190326062930.0
008 - FIXED-LENGTH DATA ELEMENTS
- fixed length control field: 190326|| aca||aabn | a|a d
040 ## - CATALOGING SOURCE
- Original cataloging agency: NUST
- Transcribing agency: NUST
150 ## - HEADING--TOPICAL TERM
- Topical term or geographic name entry element: Technology.
670 ## - SOURCE DATA FOUND
- Source citation: Work cat.: (NUST)0: Journal of social sciences and interdisciplinary research., 2012-
